Secret cornerts of the world (Record no. 343681)

MARC details
000 -LEADER
fixed length control field 005150000a22002170004500
005 - DATE AND TIME OF LATEST TRANSACTION
control field 20120302053732.0
040 ## - CATALOGING SOURCE
Original cataloging agency ENG
245 ## - TITLE STATEMENT
Title Secret cornerts of the world
260 ## - PUBLICATION, DISTRIBUTION, ETC. (IMPRINT)
Place of publication, distribution, etc Washington:National Geographic Society,1982
300 ## - PHYSICAL DESCRIPTION
Extent 199p
365 ## - TRADE PRICE
Price amount Rs.
650 ## - SUBJECT ADDED ENTRY--TOPICAL TERM
Topical term or geographic name as entry element Geography
650 ## - SUBJECT ADDED ENTRY--TOPICAL TERM
Topical term or geographic name as entry element Secret Corners-World
650 ## - SUBJECT ADDED ENTRY--TOPICAL TERM
Topical term or geographic name as entry element Marquesas
650 ## - SUBJECT ADDED ENTRY--TOPICAL TERM
Topical term or geographic name as entry element Northern Afghanistan
650 ## - SUBJECT ADDED ENTRY--TOPICAL TERM
Topical term or geographic name as entry element Tierra Del Fuego
650 ## - SUBJECT ADDED ENTRY--TOPICAL TERM
Topical term or geographic name as entry element Santa Martas
650 ## - SUBJECT ADDED ENTRY--TOPICAL TERM
Topical term or geographic name as entry element Alpujarras
650 ## - SUBJECT ADDED ENTRY--TOPICAL TERM
Topical term or geographic name as entry element Ruwenzori
942 ## - ADDED ENTRY ELEMENTS (KOHA)
Koha item type Book
Holdings
Withdrawn status Lost status Damaged status Not for loan Home library Current library Date acquired Total Checkouts Barcode Date last seen Price effective from
        Institute For Oriental Study, Thane Institute For Oriental Study, Thane 12/02/2009   IOS-GK-39 12/02/2009 12/02/2009